| Tag |
First Indicator |
Second Indicator |
Subfields |
| LEADER |
00000pam a2200000 a 4500 |
| 001 |
in00000081290 |
| 005 |
20151008061020.0 |
| 008 |
810609s1982 nyuab b 10100 eng |
| 010 |
|
|
|a 81011646
|
| 020 |
|
|
|a 0442287445
|
| 035 |
|
|
|a (OCoLC)07574476
|
| 035 |
|
|
|9 AAJ7110AM
|
| 039 |
0 |
|
|a 2
|b 3
|c 3
|d 3
|e 3
|
| 040 |
|
|
|a DLC
|c DLC
|d TXA
|d UtOrBLW
|
| 049 |
|
|
|a TXAM
|c [1443031]
|
| 050 |
0 |
0 |
|a TA419.A1
|b S85
|
| 082 |
0 |
|
|a 624.1/84
|2 19
|
| 245 |
0 |
0 |
|a Structural use of wood in adverse environments /
|c edited by Robert W. Meyer, Robert M. Kellogg.
|
| 264 |
|
1 |
|a New York :
|b Van Nostrand Reinhold,
|c [1982]
|
| 264 |
|
4 |
|c ©1982
|
| 300 |
|
|
|a xi, 510 pages :
|b illustrations, maps ;
|c 26 cm.
|
| 336 |
|
|
|a text
|b txt
|2 rdacontent
|
| 337 |
|
|
|a unmediated
|b n
|2 rdamedia
|
| 338 |
|
|
|a volume
|b nc
|2 rdacarrier
|
| 500 |
|
|
|a Spine title: Structural uses of wood in adverse environments.
|
| 500 |
|
|
|a "Proceedings of that symposium which was held at the University of British Columbia, Vancouver, B.C., May 15-18, 1978"--Pref.
|
| 500 |
|
|
|a Sponsored by the Society of Wood Science and Technology.
|
| 504 |
|
|
|a Includes bibliographies and index.
|
| 650 |
|
0 |
|a Wood
|v Congresses.
|
| 650 |
|
0 |
|a Building, Wooden
|v Congresses.
|
| 700 |
1 |
|
|a Meyer, Robert W.
|
| 700 |
1 |
|
|a Kellogg, Robert M.
|
| 710 |
2 |
|
|a Society of Wood Science and Technology (U.S.)
|
| 999 |
|
|
|a MARS
|
| 999 |
f |
f |
|s e9bf465f-a697-3344-8dce-323a1f4e942e
|i 4c854f67-47fa-3717-aeee-0e31eea6bd43
|t 0
|
| 952 |
f |
f |
|p ric
|a Texas A&M University
|b Rellis Campus
|c Joint Library Facility
|d Remote Storage
|t 0
|e TA419.A1 S85
|h Library of Congress classification
|i unmediated -- volume
|m A14806242657
|
| 998 |
f |
f |
|a TA419.A1 S85
|t 0
|l Remote Storage
|